Tous les pokémon de type Insect - Statistiques

Statistiques générales
  • Ce quiz a été pris 8 fois
  • Le résultat moyen est 76 sur 100
Statistiques - réponses
Génération Pokémon Autre type % Correct
Troisième Anorith Roche
88%
Quatrième Apireine Vol
88%
Quatrième Apitrini Vol
88%
Troisième Armaldo Roche
88%
Troisième Armulys
88%
Première Aspicot Poison
88%
Troisième Blindalys
88%
Cinquième Brutapode Poison
88%
Troisième Charmillon Vol
88%
Première Chenipan
88%
Troisième Chenipotte
88%
Quatrième Cheniti
88%
Première Chrysacier
88%
Septième Chrysapile Electrik
88%
Première Coconfort Poison
88%
Deuxième Coxy Vol
88%
Deuxième Coxyclaque Vol
88%
Quatrième Crikzik
88%
Première Dardargnan Poison
88%
Neuvième Filentrappe
88%
Huitième Frissonille Glace
88%
Neuvième Gambex Ténèbres
88%
Première Insécateur Vol
88%
Septième Larvibule
88%
Neuvième Léboulérou
88%
Septième Lucanon Electrik
88%
Quatrième Mélokrik
88%
Troisième Munja Spectre
88%
Troisième Ningale Sol
88%
Troisième Ninjask Vol
88%
Quatrième Papilord Vol
88%
Première Papilusion Vol
88%
Troisième Papinox Poison
88%
Cinquième Pyrax Feu
88%
Cinquième Pyronille Feu
88%
Deuxième Scarhino Combat
88%
Neuvième Tissenboule
88%
Cinquième Venipatte Poison
88%
Première Aéromite Poison
75%
Troisième Arakdo Eau
75%
Septième Araqua Eau
75%
Huitième Beldeneige Glace
75%
Septième Bombydou Fée
75%
Septième Cancrelove Combat
75%
Cinquième Carabing
75%
Deuxième Cizayox Acier
75%
Huitième Coléodôme Psy
75%
Cinquième Couverdure Plante
75%
Cinquième Crabaraque Roche
75%
Cinquième Crabicoque Roche
75%
Cinquième Escargaume
75%
Cinquième Fermite Acier
75%
Deuxième Foretress Acier
75%
Cinquième Genesect Acier
75%
Cinquième Lançargot Acier
75%
Cinquième Larveyette Plante
75%
Neuvième Lilliterelle
75%
Cinquième Limaspeed
75%
Cinquième Manternel Plante
75%
Troisième Maskadra Vol
75%
Deuxième Migalos Poison
75%
Deuxième Mimigal Poison
75%
Première Mimitoss Poison
75%
Cinquième Mygavolt Electrik
75%
Première Paras Plante
75%
Première Parasect Plante
75%
Deuxième Pomdepik
75%
Sixième Prismillon Vol
75%
Neuvième Rampe-Ailes Combat
75%
Quatrième Rapion Poison
75%
Septième Rubombelle Fée
75%
Septième Sarmuraï Eau
75%
Première Scarabrute
75%
Cinquième Scobolide Poison
75%
Huitième Scolocendre Feu
75%
Septième Sovkipou Eau
75%
Cinquième Statitik Electrik
75%
Septième Tarenbulle Eau
75%
Neuvième Bérasca Psy
63%
Deuxième Caratroc Roche
63%
Huitième Hachécateur Roche
63%
Huitième Larvadar
63%
Sixième Lépidonille
63%
Troisième Lumivole
63%
Deuxième Méga-Cizayox Acier
63%
Première Méga-Dardargnan Poison
63%
Première Méga-Scarabrute Vol
63%
Deuxième Méga-Scarhino Combat
63%
Septième Mouscoto Combat
63%
Troisième Muciole
63%
Quatrième Arceus Insect
50%
Huitième Astronelle Psy
50%
Quatrième Cheniselle cape Déchet Acier
50%
Quatrième Cheniselle cape Sable Sol
50%
Huitième Grillepattes Feu
50%
Sixième Pérégrain
50%
Septième Silvallié Insect
50%
Deuxième Yanma Vol
50%
Quatrième Yanmega Vol
50%
Quatrième Cheniselle cape Plante Plante
38%
Aucun quiz correspondant
Distribution des résultats
% des personnes avec chaque résultat
Percentile par nombre de réponses
Votre historique - résultats
Vous n’avez pas pris ce quiz